| 000 | 01864cam a22004577a 4500 | ||
|---|---|---|---|
| 003 | CHAP | ||
| 005 | 20220329141411.0 | ||
| 008 | 971013s1988 r 00010 d | ||
| 010 | _a67564 | ||
| 011 | _a68536 | ||
| 035 | _a78009 | ||
| 040 | _cCHAP | ||
| 082 |
_a631.8 _bF53 |
||
| 110 |
_aFertilizantes Mexicanos, S. A. _940594 |
||
| 245 | 0 | _aGuía Nacional de Fertilización y combate de plagas | |
| 260 |
_a[México] : _bFERTIMEX, _c[1988?] |
||
| 300 | _a322 p. | ||
| 500 | _aAnexo de actualización. -- [México]: FERTIMEX, [1988?] 32 h. | ||
| 590 |
_aBATCH-UPD _b10 _c20130110 _lUCH01 _h1631 |
||
| 590 |
_aBATCH-UPD _b10 _c20130410 _lUCH01 _h1023 |
||
| 590 |
_aBATCH-UPD _b10 _c20130914 _lUCH01 _h1042 |
||
| 590 |
_aCONVERSION _b10 _c20130109 _lUCH01 _h1337 |
||
| 650 | 1 | 4 |
_aControl de plagas. _927595 |
| 650 | 1 | 4 |
_aCultivos _zMéxico. _930363 |
| 650 | 1 | 4 |
_aFertilizantes. _940447 |
| 650 | 1 | 4 |
_aInsecticidas. _958855 |
| 901 | _aBK | ||
| 942 | _cLIBRO | ||
| 949 |
_a631.8 F53 _bBC _cC _d-94890 _eC _fc.2 _h73862 _i78009 _si |
||
| 949 |
_a631.8 F53 _bBC _cC _d33724000639563 _eC _fApend. c.6 _i78009 _si |
||
| 949 |
_a631.8 F53 _bBC _cC _d33724000648937 _eC _fApend. _h73861 _i78009 _si |
||
| 949 |
_a631.8 F53 _bBC _cC _d33724000648945 _eC _fApend. c.5 _h73865 _i78009 _si |
||
| 949 |
_a631.8 F53 _bBC _cC _d33724000648960 _eC _fc.3 _h73863 _i78009 _si |
||
| 949 |
_a631.8 F53 _bBC _cC _d33724000648978 _eC _fc.4 _h73864 _i78009 _si |
||
| 949 |
_a631.8 F53 _bBC _cC _d33724000648986 _eC _fc.5 _h73865 _i78009 _si |
||
| 949 |
_a631.8 F53 _bBC _cC _d33724000648994 _eC _fApend. c.4 _h73864 _i78009 _si |
||
| 949 |
_a631.8 F53 _bBC _cC _d33724000649018 _eC _fc.6 _h76217 _i78009 _si |
||
| 949 |
_a631.8 F53 _bBC _cC _d33724000649026 _eC _fApend. c.3 _h73863 _i78009 _si |
||
| 949 |
_a631.8 F53 _bBC _cC _d33724000649034 _eC _h73861 _i78009 _mD _si |
||
| 949 |
_a631.8 F53 _bBC _cLIBRO _d33724000827325 _eLIBRO _fApend. c.2 _i78009 _sb |
||
| 999 |
_c67564 _d67564 |
||